| 000 | 00901nmm a2200277 a 4500 | ||
|---|---|---|---|
| 003 | AR-BaBNM | ||
| 005 | 20251128203659.0 | ||
| 008 | 137019s1965 ||||||||||||||000 | spa|| | ||
| 040 | _cAR-BaBNM | ||
| 245 | 1 | 0 | _aLas artes industriales y la ciencia, aplicación de principios científicos en el campo de las artes industriales |
| 250 | _a2ª ed. | ||
| 260 |
_aMéxico, D.F. _bCentro Regional de Ayuda Técnica. Agencia para el Desarrollo Internacional _c1965 |
||
| 300 | 1 |
_ax, 199 p. _bil. |
|
| 650 | 4 | _aENSENANZA TECNICA | |
| 650 | 4 | _aCIENCIA Y TECNOLOGIA | |
| 650 | 4 | _aARTES GRAFICAS | |
| 650 | 4 | _aTRABAJO EN MADERA | |
| 650 | 4 | _aTRABAJO EN METAL | |
| 650 | 4 | _aENSENANZA DE LA CIENCIA | |
| 653 | 0 | _aTRABAJO MANUAL | |
| 700 | 1 |
_aKramer, Ernest G. _eprologuista |
|
| 700 | 1 |
_aClowes, Richard M. _eprologuista |
|
| 700 | 1 |
_aSimpson, Roy E. _eprologuista |
|
| 942 | _cBK | ||
| 998 | _cCarmen | ||
| 999 |
_c4459 _d4459 |
||